000 00559nam a2200217Ia 4500
003 GCL
008 140319s9999 xx 000 0 eng d
040 _aGCL /
_cGCL
082 0 4 _aCH
_b843
_bS S
100 1 _aSEGUR, LA COMTESSE DE
245 1 0 _aLA SOEUR DE GREBOUIBIE /
_cSEGUR, LA COMTESSE DE
700 1 _aLAVERDET, MARCEL
700 1 _aFRANCOISE, PERAT MARIE
260 _a[S.N] :
_bHEMMA
300 _a155 P
650 0 4 _aCHILDREN
650 0 4 _aFRENCH FICTION
650 0 4 _aFRENCH LITERATURE
650 0 4 _aCHILDREN - FICTION
942 _2ddc
_cBK
999 _c14620
_d14620